Unifrance film. (Record no. 2335)

MARC details
000 -LEADER
campo de control de longitud fija 00719nas a2200265 i 4500
001 - NÚMERO DE CONTROL
campo de control 2335
003 - IDENTIFICADOR DE NÚMERO DE CONTROL
campo de control ES-MaACL
005 - FECHA Y HORA DE LA ÚLTIMA TRANSACCIÓN
campo de control 20250814084547.0
007 - CAMPO FIJO DE DESCRIPCIÓN FÍSICA--INFORMACIÓN GENERAL
campo de control de longitud fija t|
008 - DATOS DE LONGITUD FIJA--INFORMACIÓN GENERAL
campo de control de longitud fija 950801c1950 fr | | 1 ||re d
080 ## - NÚMERO DE LA CLASIFICACIÓN DECIMAL UNIVERSAL
Número de la Clasificación Decimal Universal 44
245 00 - MENCIÓN DEL TÍTULO
Título Unifrance film.
260 ## - PUBLICACIÓN, DISTRIBUCIÓN, ETC.
Lugar de publicación, distribución, etc. Paris :
Nombre del editor, distribuidor, etc. Société Parisienne d'Imprimerie,
Fecha de publicación, distribución, etc. [1950?]-
300 ## - DESCRIPCIÓN FÍSICA
Extensión 2 v. :
Otras características físicas grab. ;
Dimensiones 27 cm.
310 ## - PERIODICIDAD ACTUAL
Periodicidad actual Semestral
321 ## - PERIODICIDAD ANTERIOR
Periodicidad anterior Irregular,
Fechas de la periodicidad anterior 1950-53
321 ## - PERIODICIDAD ANTERIOR
Periodicidad anterior Bimestral,
Fechas de la periodicidad anterior 1954-56
321 ## - PERIODICIDAD ANTERIOR
Periodicidad anterior Cuatrimestral,
Fechas de la periodicidad anterior 1957
321 ## - PERIODICIDAD ANTERIOR
Periodicidad anterior Trimestral,
Fechas de la periodicidad anterior 1958-59
362 0# - FECHAS DE PUBLICACIÓN Y/O DESIGNACIÓN SECUENCIAL
Fecha de publicación y/o designación secuencial [1950?]-
650 17 - PUNTO DE ACCESO ADICIONAL DE MATERIA--TÉRMINO DE MATERIA
Término de materia o nombre geográfico como elemento de entrada Cine
Fuente del encabezamiento o término embne
9 (RLIN) 11010
852 ## - LOCALIZACIÓN
Ubicación ES-MaACL
Número de control de estantería HEM-H-251
Encuadernación hem-1415
Signatura antigua
866 #0 - MENCIÓN TEXTUAL DE FONDOS--UNIDAD BIBLIOGRÁFICA BÁSICA
Fondos (1953f.ene.-mar.)1954-61(1962).
Holdings
Estatus retirado Estado de pérdida Estado de daño No para préstamo Colección Biblioteca de origen Biblioteca actual Ubicación en estantería Fecha de adquisición Fuente de adquisición Total de préstamos Signatura topográfica completa Código de barras Visto por última vez Precio de reemplazo Tipo de ítem Koha
        Periódicos y Revistas Biblioteca del Ateneo de Madrid Biblioteca del Ateneo de Madrid Hemeroteca 17/01/2008     HEM-H-251 1002376 23/02/2023 23/02/2023 Revista